Štruktúrne modely riešenie v programe Matlab

Salvato in:
Dettagli Bibliografici
Autore principale: Majzlíková, Erika, 1993-
Ente Autore: Ekonomická univerzita v Bratislave. Národohospodárska fakulta
Altri autori: Lábaj, Martin, 1982-, Kubala, Jozef
Natura: Libro
Lingua:slovacco
Pubblicazione: Bratislava Vydavateľstvo EKONÓM 2022
Edizione:1. vydanie
Soggetti:
Tags: Aggiungi Tag
Nessun Tag, puoi essere il primo ad aggiungerne!!

MARC

LEADER 00000nam a2200000 4500
001 0287823
005 20240910085842.4
020 |a 978-80-225-4933-2 
041 0 |a slo 
044 |a SK 
245 1 0 |a Štruktúrne modely  |b riešenie v programe Matlab  |c Erika Majzlíková ; recenzenti: Martin Lábaj, Jozef Kubala 
250 |a 1. vydanie 
264 1 |a Bratislava  |b Vydavateľstvo EKONÓM  |c 2022 
300 |a 133 s. [6,27 AH] 
610 2 0 |a modely štruktúrne 
610 2 0 |a programy počítačové 
610 2 0 |a softvér 
610 2 0 |a matice 
610 2 0 |a báza dát 
610 2 0 |a zamestnanosť 
610 2 0 |a dovoz 
610 2 0 |a hodnota pridaná 
610 2 0 |a analýza systémová 
100 1 |a Majzlíková, Erika, 1993- 
700 1 |a Lábaj, Martin, 1982- 
700 1 |a Kubala, Jozef 
710 2 |a Ekonomická univerzita v Bratislave. Národohospodárska fakulta